Elbingisch-Preußische Chronik

Titel: Elbingisch-Preußische Chronik : Lobspruch der Stadt Elbing und Fragmente / Christoph Falk. Hrsg von Max Toeppen
Verfasser:
Ausgabe: Nachdr. der Ausg. Leipzig 1879(1881)
Veröffentlicht: Hildesheim ˜[u.a.]œ : Olms, 2007
Umfang: 8, 230 S.
Format: Buch
Sprache: Deutsch
Schriftenreihe/
mehrbändiges Werk:
Rara zum deutschen Kulturerbe des Ostens
Schlagworte:
ISBN: 9783487134468
Buchumschlag
X
Lokale Klassifikation: 6 8 E 1 ; 6 5 C
alg: 19527194
001A    $03004:28-02-08 
001B    $01999:03-06-23 $t03:01:18.000 
001C    $06060:10-03-15 $t18:01:03.000 
001D    $00026:03-02-09 
001U    $0utf8 
001X    $00 
002@    $0Aau 
003@    $0195271947 
003O    $0244056833 $aOCoLC 
004A    $A978-3-487-13446-8 
007A    $0195271947 $aHEB 
007T    $0Herdhh195271947 
010@    $ager 
011@    $a2007 
013H    $0z 
021A    $aElbingisch-Preußische Chronik $dLobspruch der Stadt Elbing und Fragmente $hChristoph Falk. Hrsg von Max Toeppen 
028A    $#Falck, Christoph $#Falckonius, Christophorus $#Falconius, Christophorus $#Falconius, Christoph $D20220215 $Ecgwrk $7119669110 $8Falk, Christoph [Tp1] $9189283742 
032@    $aNachdr. der Ausg. Leipzig 1879(1881) 
033A    $pHildesheim {[u.a.] $nOlms 
034D    $a8, 230 S. 
036G    $aRara zum deutschen Kulturerbe des Ostens 
044K    $RElbing $#Elbing $#Elbing Elbląg $71028071-6 $8Elbląg [Tg1] $9042042631 
045F    $a900.9438320902 $eDDC23BSB 
045F/01 $a900 
045F/03 $f0902 
045F/03 $g43832 
045G    $a907.209438 $eDDC23BSB 
045G/01 $a907.2 
045G/03 $g438 
045G/03 $g4382 
045G/03 $g43832 

lok: 19527194 24
101B    $004-03-08 $t10:02:55.000 
101C    $004-03-08 
101U    $0utf8 
145Z/01 $a6 8 E 1 
145Z/02 $a6 5 C 

exp: 19527194 24 1 #EPN
201B/01 $004-03-08 $t10:02:55.000 
201C/01 $028-02-08 
201U/01 $0utf8 
203@/01 $0525310053 
208@/01 $a04-03-08 $bz 
209A/01 $a08.0789 $du $f050 $h08 0789 $x00 
209C/01 $a08.0789 G $h08 0789 G 
209G/01 $a72056388 $x00 
220C/01 $ahae 
247C/01 $8358050-7 Marburg, Bibliothek des Herder-Instituts Marburg $9102600961 

lok: 19527194 78

exp: 19527194 78 1 #EPN
201B/01 $020-12-17 $t22:58:57.000 
201U/01 $0utf8 
203@/01 $0794520375 
208@/01 $a12-11-16 $be 
209A/01 $a/ $f000 $x00 
220C/01 $aTitelaufnehmer: kk 
237A/01 $aweiterführende Signatur(en): HI 08.0789 
244Z/01 $2Trx $#Prusy Wschodnie i Zachodnie $8--Trx--Ost- und Westpreußen $x01 $939113373X 
244Z/01 $2Trx $#Poola $#Lenkija $#Polija $#Polen Land $#Poland $#Lengyelország $#Poľsko $#Polsko $8--Trx--Polska$gkraj $x02 $9391345966 
244Z/01 $#Elbing $#Elbing Elbląg $71028071-6 $8--Tg1--Elbląg $x03 $9042042631 
244Z/01 $2Trx $#kroonikad $#kronikos $#Chronicles $#krónikák $#kroniki $#kroniky $#kroniky $8--Trx--Chroniken $x04 $9391357069 
244Z/01 $2Trx $8--Trx--Monographie $x05 $9391384546 
245Z/01 $a13.03 $x01 
245Z/01 $a03.01 $x02 
247C/01 $82080>Marburg/Lahn, Herder-Institut, Forschungsbibliothek, Bibliographieportal $9336309341 

lok: 19527194 204

exp: 19527194 204 1 #EPN
201B/01 $003-02-09 $t11:58:27.000 
201C/01 $006-08-08 
201U/01 $0utf8 
203@/01 $0547669682 
208@/01 $a03-02-09 $bzp08 
209A/01 $aYw 99/3 $ds $f084 $h084 yw 99 3 $x00 
209C/01 $a084 83951052 
209G/01 $a83951052 $x00 
247C/01 $8631084-9 <26/084>Gießen, Universität Gießen, Fachbibliothek Geschichts- und Kulturwissenschaften / Bibliothek im Historischen Institut $9102596948
LEADER 00000cam a2200000 c 4500
001 195271947
003 DE-603
005 20230603030118.0
007 tu
008 080228s2007 xx |||| | u00||u|ger c
020 |a 9783487134468 
035 |a (DE-599)HEB195271947 
035 |a (OCoLC)244056833 
040 |a DE-603  |b ger  |c DE-603  |d DE-603 
041 |a ger 
082 0 4 |8 1\u  |a 900.9438320902  |q DE-101  |2 23/BSB 
083 0 |8 2\u  |a 907.209438  |q DE-101  |2 23/BSB 
085 |8 1\u  |b 900 
085 |8 1\u  |z 1  |s 0902 
085 |8 1\u  |z 2  |s 43832 
085 |8 2\u  |b 907.2 
085 |8 2\u  |z 2  |s 438 
085 |8 2\u  |z 2  |s 4382 
085 |8 2\u  |z 2  |s 43832 
100 1 |a Falk, Christoph  |0 (DE-603)189283742  |0 (DE-588)119669110  |2 gnd 
245 0 0 |a Elbingisch-Preußische Chronik  |b Lobspruch der Stadt Elbing und Fragmente  |c Christoph Falk. Hrsg von Max Toeppen 
250 |a Nachdr. der Ausg. Leipzig 1879(1881) 
264 1 |a Hildesheim ˜[u.a.]œ  |b Olms  |c 2007 
300 |a 8, 230 S. 
490 0 |a Rara zum deutschen Kulturerbe des Ostens 
651 7 |a Elbląg  |0 (DE-588)1028071-6  |0 (DE-603)042042631  |2 gnd 
924 0 |9 Mb 50  |a (DE-603)525310053  |b DE-Mb50  |c HES  |d c  |g 08.0789 
924 0 |9 2080  |a (DE-603)794520375  |b DE-2080  |c HES  |d d  |g / 
924 0 |9 26/084  |a (DE-603)547669682  |b DE-26-084  |c HES  |d d  |g Yw 99/3